[Event "Abu Dhabi op 26th"]
[Site "Abu Dhabi"]
[Date "2019.08.07"]
[Round "6"]
[White "Kathmale, Sameer"]
[Black "Costachi, Mihnea"]
[Result "1/2-1/2"]
[WhiteElo "2326"]
[BlackElo "2471"]
[PlyCount "209"]
[EventDate "2019.08.02"]
[EventType "swiss"]
[EventRounds "9"]
[EventCountry "UAE"]
[SourceTitle "CBM 191 Extra"]
[Source "ChessBase"]
[SourceDate "2019.09.30"]
[SourceVersion "1"]
[SourceVersionDate "2019.09.30"]
[SourceQuality "1"]

1. e4 e5 2. Nf3 Nc6 3. Bb5 a6 4. Ba4 d6 5. c4 Bg4 6. h3 Bxf3 7. Bxc6+ bxc6 8. Qxf3 Nf6 9. Nc3 Be7 10. 0-0 0-0 11. d3 Rb8 12. b3 Qd7 13. Ne2 Qe6 14. d4 d5 15. exd5 cxd5 16. dxe5 Qxe5 17. Bf4 Qf5 18. Ng3 Qd7 19. Rad1 Rbd8 20. Be5 Ne8 21. Nf5 c6 22. cxd5 cxd5 23. Rxd5 Qe6 24. Nxe7+ Qxe7 25. Rxd8 Qxd8 26. Rd1 Qa5 27. Bc3 Qc5 28. Qg3 f6 29. Rd7 Rf7 30. Qb8 Qxc3 31. Qxe8+ Rf8 32. Qe6+ Kh8 33. Qxa6 Qc1+ 34. Qf1 Qb2 35. Ra7 h6 36. Qd3 f5 37. f4 Re8 38. Kh2 Qf2 39. Ra4 Rf8 40. Qd4 Qf1 41. Rc4 Rf6 42. a4 Rg6 43. Rc2 Kh7 44. b4 Qe1 45. Qf2 Qxb4 46. Rc5 Qxa4 47. Rxf5 Qe4 48. Re5 Qd3 49. Re3 Qd4 50. Qf3 Rf6 51. Re4 Qd5 52. Qe2 Rg6 53. h4 Qf5 54. Qf3 Qd5 55. Qe2 Qf5 56. Qf3 Qd5 57. Re3 Qxf3 58. Rxf3 h5 59. Re3 Ra6 60. Kg3 g6 61. Re7+ Kh6 62. Kf3 Ra3+ 63. Re3 Ra4 64. Re5 Ra3+ 65. Ke4 Ra4+ 66. Ke3 Ra3+ 67. Ke4 Ra4+ 68. Kf3 Ra3+ 69. Re3 Ra4 70. Rd3 Kg7 71. Ke3 Ra2 72. g3 Ra4 73. Kf3 Rb4 74. Ra3 Rc4 75. Ra5 Rc3+ 76. Kg2 Rc2+ 77. Kf3 Rc3+ 78. Kg2 Rc2+ 79. Kh3 Rf2 80. Rg5 Kf6 81. Ra5 Kg7 82. Ra7+ Kf6 83. Rh7 Ke6 84. Rh8 Kf6 85. Ra8 Kg7 86. Ra7+ Kf6 87. Ra6+ Kg7 88. Ra1 Kf6 89. Rg1 Ra2 90. Rg2 Ra3 91. Re2 Rf3 92. Kg2 Ra3 93. Kf2 Rb3 94. Re3 Rb4 95. Kf3 Ra4 96. Rb3 Ra6 97. Ke4 Ra4+ 98. Kd5 Kf5 99. Kd6 Ra6+ 100. Ke7 Kg4 101. Kf7 Rc6 102. Kg7 Ra6 103. Rc3 Rb6 104. Ra3 Rc6 105. Rb3 1/2-1/2

[Event "Goa op 2nd"]
[Site "Taleigao"]
[Date "2019.06.24"]
[Round "9"]
[White "Himanshu, Sharma"]
[Black "Kathmale, Sameer"]
[Result "1/2-1/2"]
[WhiteElo "2446"]
[BlackElo "2307"]
[PlyCount "86"]
[EventDate "2019.06.18"]
[EventType "swiss"]
[EventRounds "10"]
[EventCountry "IND"]
[SourceTitle "CBM 191 Extra"]
[Source "ChessBase"]
[SourceDate "2019.09.30"]
[SourceVersion "1"]
[SourceVersionDate "2019.09.30"]
[SourceQuality "1"]

1. Nf3 Nf6 2. d4 g6 3. Bf4 Bg7 4. e3 0-0 5. Be2 d6 6. h3 Nc6 7. c4 Ne4 8. Bh2 e5 9. 0-0 exd4 10. Nxd4 Nxd4 11. exd4 Qf6 12. Nc3 Nxc3 13. bxc3 b6 14. Bf3 Rb8 15. Bc6 Qg5 16. Qa4 a6 17. Bg3 f5 18. h4 Qd8 19. f4 Bf6 20. Rae1 b5 21. Qb3 Kg7 22. cxb5 Bd7 23. Qd5 axb5 24. Bxd7 Qxd7 25. Bf2 Rfe8 26. Qf3 c6 27. d5 c5 28. h5 Rxe1 29. Rxe1 Re8 30. Rb1 Re4 31. hxg6 hxg6 32. g3 Rc4 33. Rb3 Qb7 34. Qd3 Qa6 35. Qe2 b4 36. Be1 bxc3 37. Bxc3 Bxc3 38. Rxc3 Ra4 39. Qe7+ Kh6 40. Qf8+ Kh7 41. Qf7+ Kh6 42. Qf8+ Kh7 43. Qf7+ Kh6 1/2-1/2

[Event "Goa op 2nd"]
[Site "Taleigao"]
[Date "2019.06.19"]
[Round "2"]
[White "Kathmale, Sameer"]
[Black "Turov, Maxim"]
[Result "1/2-1/2"]
[WhiteElo "2307"]
[BlackElo "2579"]
[PlyCount "60"]
[EventDate "2019.06.18"]
[EventType "swiss"]
[EventRounds "10"]
[EventCountry "IND"]
[SourceTitle "CBM 191 Extra"]
[Source "ChessBase"]
[SourceDate "2019.09.30"]
[SourceVersion "1"]
[SourceVersionDate "2019.09.30"]
[SourceQuality "1"]

1. e4 c5 2. Nf3 Nc6 3. d4 cxd4 4. Nxd4 e5 5. Nb5 d6 6. c4 Be7 7. N1c3 a6 8. Na3 f5 9. exf5 Bxf5 10. Nc2 Nf6 11. Ne3 Be6 12. g3 Rc8 13. Bg2 Na5 14. b3 b5 15. Ncd5 bxc4 16. Ba3 Nc6 17. 0-0 Nd4 18. bxc4 0-0 19. f4 Bxd5 20. Nxd5 Nxd5 21. Bxd5+ Kh8 22. fxe5 dxe5 23. Rxf8+ Qxf8 24. Bxe7 Qxe7 25. Qg4 Qc5 26. Kh1 Nc2 27. Be4 Nxa1 28. Qf5 Kg8 29. Bd5+ Kh8 30. Be4 Kg8 1/2-1/2

[Event "Goa op 2nd"]
[Site "Taleigao"]
[Date "2019.06.19"]
[Round "3"]
[White "Malakhatko, Vadim"]
[Black "Kathmale, Sameer"]
[Result "1-0"]
[WhiteElo "2505"]
[BlackElo "2307"]
[PlyCount "109"]
[EventDate "2019.06.18"]
[EventType "swiss"]
[EventRounds "10"]
[EventCountry "IND"]
[SourceTitle "CBM 191 Extra"]
[Source "ChessBase"]
[SourceDate "2019.09.30"]
[SourceVersion "1"]
[SourceVersionDate "2019.09.30"]
[SourceQuality "1"]

1. Nf3 Nf6 2. c4 g6 3. Nc3 Bg7 4. d4 0-0 5. e4 d6 6. Be2 e5 7. 0-0 Nc6 8. d5 Ne7 9. a4 a5 10. Ne1 Nd7 11. Nd3 f5 12. f3 f4 13. b3 g5 14. Ba3 b6 15. b4 axb4 16. Bxb4 Nb8 17. Nb5 Na6 18. Bc3 c6 19. dxc6 Nxc6 20. Nf2 Be6 21. Qxd6 Qxd6 22. Nxd6 Nc5 23. Rfb1 Rfd8 24. Nb5 Rd7 25. Bf1 Bf8 26. Be1 Rxa4 27. Nc3 Rxa1 28. Rxa1 Nd4 29. Ra2 Kg7 30. Nd5 Rb7 31. Bc3 h5 32. h4 Kh6 33. hxg5+ Kxg5 34. Kh2 Bd6 35. Nxf4 Nxf3+ 36. gxf3 exf4 37. Nh3+ Kh6 38. e5 Bb8 39. Nxf4 Bf5 40. Nd5 b5 41. cxb5 Nd3 42. Ra6+ Kg7 43. f4 Rxb5 44. Ne3 Be4 45. Ra4 Rb3 46. Rxe4 Rxc3 47. Nf5+ Kg6 48. Nh4+ Kg7 49. Bxd3 Rxd3 50. Kg2 Rd5 51. Nf5+ Kf7 52. Kf3 Rd8 53. Rb4 h4 54. Rb7+ Ke6 55. Ke4 1-0

[Event "Budapest Spring op"]
[Site "Budapest"]
[Date "2019.04.17"]
[Round "9"]
[White "Nguyen, Piotr"]
[Black "Kathmale, Sameer"]
[Result "1/2-1/2"]
[WhiteElo "2427"]
[BlackElo "2279"]
[PlyCount "57"]
[EventDate "2019.04.09"]
[EventType "swiss"]
[EventRounds "9"]
[EventCountry "HUN"]
[SourceTitle "CBM 190 Extra"]
[Source "ChessBase"]
[SourceDate "2019.07.15"]
[SourceVersion "1"]
[SourceVersionDate "2019.07.15"]
[SourceQuality "1"]

1. Nf3 Nf6 2. c4 g6 3. Nc3 Bg7 4. e4 d6 5. d4 0-0 6. h3 c6 7. Be3 a6 8. Bd3 b5 9. cxb5 axb5 10. 0-0 b4 11. Na4 Ba6 12. b3 Bb5 13. Nb2 d5 14. e5 Ne4 15. Qc2 Qa5 16. Bd2 Nd7 17. a4 Nxd2 18. Qxd2 Bxd3 19. Nxd3 c5 20. dxc5 Nxc5 21. Nxc5 Qxc5 22. Rac1 Qa5 23. Rc6 Rfc8 24. Rfc1 Rxc6 25. Rxc6 e6 26. Qd4 Bf8 27. Ne1 Ra6 28. Rc2 Ra7 29. Nd3 1/2-1/2

[Event "Ho Chi Minh City HD Bank op 9th"]
[Site "Ho Chi Minh City"]
[Date "2019.03.13"]
[Round "9"]
[White "Raja, Rithvik R"]
[Black "Kathmale, Sameer"]
[Result "0-1"]
[WhiteElo "2423"]
[BlackElo "2282"]
[PlyCount "64"]
[EventDate "2019.03.07"]
[EventType "swiss"]
[EventRounds "9"]
[EventCountry "VIE"]
[SourceTitle "CBM 189 Extra"]
[Source "ChessBase"]
[SourceDate "2019.06.03"]
[SourceVersion "1"]
[SourceVersionDate "2019.06.03"]
[SourceQuality "1"]

1. d4 Nf6 2. c4 g6 3. g3 Bg7 4. Bg2 0-0 5. Nc3 d6 6. Nf3 Nc6 7. 0-0 Bf5 8. d5 Na5 9. Nd2 c5 10. e4 Bd7 11. Qc2 a6 12. b3 b5 13. Bb2 Rb8 14. Rab1 e5 15. Ne2 g5 16. f3 h5 17. Bc3 b4 18. Bb2 Qe7 19. f4 Ng4 20. Qd3 f6 21. Nf3 exf4 22. gxf4 Rbe8 23. Ng3 gxf4 24. Nxh5 Bh6 25. Nh4 Qh7 26. Nf5 Bxf5 27. exf5 Re3 28. Qd1 Qxf5 29. h3 Ne5 30. Bxe5 dxe5 31. Qg4+ Kh7 32. Rf3 Qxb1+ 0-1

[Event "India rating op"]
[Site "India"]
[Date "2019.02.03"]
[Round "5"]
[White "Gusain, Himal"]
[Black "Kathmale, Sameer"]
[Result "1/2-1/2"]
[WhiteElo "2278"]
[BlackElo "2235"]
[PlyCount "51"]
[EventDate "2019.02.03"]
[EventType "swiss"]
[EventRounds "11"]
[EventCountry "IND"]
[SourceTitle "EXT 2021"]
[Source "ChessBase"]
[SourceDate "2020.10.23"]
[SourceVersion "1"]
[SourceVersionDate "2020.10.23"]
[SourceQuality "1"]

1. e4 c6 2. d4 d5 3. e5 Bf5 4. h4 h6 5. g4 Be4 6. f3 Bh7 7. e6 Qd6 8. exf7+ Kxf7 9. Bd3 Bxd3 10. Qxd3 Nd7 11. f4 Ngf6 12. Nf3 Qe6+ 13. Ne5+ Nxe5 14. fxe5 Nxg4 15. Nc3 g6 16. Bd2 Ke8 17. Rf1 h5 18. 0-0-0 Bh6 19. Bxh6 Nxh6 20. Na4 b6 21. Qa6 Qc8 22. Qd3 Qg4 23. Rg1 Qf5 24. Qa6 Qc8 25. Qd3 Qf5 26. Qa6 1/2-1/2

[Event "India rating op"]
[Site "India"]
[Date "2019.02.03"]
[Round "7"]
[White "Kathmale, Sameer"]
[Black "Govind, Prabhu Mah"]
[Result "1-0"]
[WhiteElo "2235"]
[BlackElo "1782"]
[PlyCount "56"]
[EventDate "2019.02.03"]
[EventType "swiss"]
[EventRounds "11"]
[EventCountry "IND"]
[SourceTitle "EXT 2021"]
[Source "ChessBase"]
[SourceDate "2020.10.23"]
[SourceVersion "1"]
[SourceVersionDate "2020.10.23"]
[SourceQuality "1"]

1. e4 d6 2. d4 Nf6 3. Nc3 e5 4. Nf3 exd4 5. Nxd4 Be7 6. Bf4 0-0 7. Qd2 a6 8. 0-0-0 b5 9. f3 Nbd7 10. Nc6 Qe8 11. Nd5 Nxd5 12. exd5 Bb7 13. Nxe7+ Qxe7 14. Re1 Qd8 15. Bd3 Re8 16. Be4 Nc5 17. Bg5 f6 18. Bh4 Nxe4 19. fxe4 Bc8 20. g4 a5 21. g5 fxg5 22. Bxg5 Qd7 23. Rhg1 Kh8 24. Qd4 b4 25. Bf6 Rg8 26. Rxg7 Rxg7 27. Rg1 Qh3 28. Bxg7+ Kg8 1-0

[Event "India rating op"]
[Site "India"]
[Date "2019.02.03"]
[Round "4"]
[White "Kathmale, Sameer"]
[Black "Krishnater, Kushager"]
[Result "1-0"]
[WhiteElo "2235"]
[BlackElo "1724"]
[PlyCount "52"]
[EventDate "2019.02.03"]
[EventType "swiss"]
[EventRounds "11"]
[EventCountry "IND"]
[SourceTitle "EXT 2021"]
[Source "ChessBase"]
[SourceDate "2020.10.23"]
[SourceVersion "1"]
[SourceVersionDate "2020.10.23"]
[SourceQuality "1"]

1. e4 e6 2. d4 d5 3. Nc3 Bb4 4. exd5 exd5 5. Bd3 Ne7 6. Nge2 c6 7. Ng3 0-0 8. Qh5 Ng6 9. 0-0 Nd7 10. Bg5 Nf6 11. Qf3 h6 12. Bxf6 Qxf6 13. Qxf6 gxf6 14. Nce2 Re8 15. Nh5 Be7 16. Neg3 Nh4 17. Rae1 Be6 18. Re3 f5 19. Rfe1 Bg5 20. f4 Be7 21. Nf1 Kf8 22. Rg3 Ng6 23. Rxe6 fxe6 24. Rxg6 Kf7 25. Rg7+ Kf8 26. Ne3 c5 1-0

[Event "India rating op"]
[Site "India"]
[Date "2019.02.03"]
[Round "2"]
[White "Kathmale, Sameer"]
[Black "Mahajan, Akash"]
[Result "1-0"]
[WhiteElo "2235"]
[BlackElo "1314"]
[PlyCount "50"]
[EventDate "2019.02.03"]
[EventType "swiss"]
[EventRounds "11"]
[EventCountry "IND"]
[SourceTitle "EXT 2021"]
[Source "ChessBase"]
[SourceDate "2020.10.23"]
[SourceVersion "1"]
[SourceVersionDate "2020.10.23"]
[SourceQuality "1"]

1. e4 e5 2. Nf3 Nc6 3. d4 exd4 4. Nxd4 Bc5 5. Nb3 Bb6 6. Nc3 d6 7. Qe2 Nge7 8. Be3 0-0 9. 0-0-0 Be6 10. f4 f5 11. g3 Qc8 12. Bxb6 axb6 13. a3 fxe4 14. Qxe4 Bf5 15. Qg2 Re8 16. Bc4+ Be6 17. Bd3 Bf5 18. h3 Bxd3 19. Rxd3 Na5 20. Nxa5 Rxa5 21. g4 Nc6 22. Nd5 Rf8 23. Re1 Re8 24. Rde3 Rxe3 25. Rxe3 Qd7 1-0

[Event "Kalyan op 2nd"]
[Site "Kalyan"]
[Date "2019.01.31"]
[Round "4"]
[White "Kathmale, Sameer"]
[Black "Javheri, Jaydev"]
[Result "1-0"]
[WhiteElo "2312"]
[BlackElo "1675"]
[PlyCount "59"]
[EventDate "2019.01.29"]
[EventType "swiss"]
[EventRounds "10"]
[EventCountry "IND"]
[SourceTitle "CBM 188 Extra"]
[Source "ChessBase"]
[SourceDate "2019.02.26"]
[SourceVersion "1"]
[SourceVersionDate "2019.02.26"]
[SourceQuality "1"]

1. e4 c5 2. Nf3 d6 3. d4 cxd4 4. Nxd4 Nf6 5. Nc3 Nc6 6. Bg5 e6 7. Qd2 h6 8. Bxf6 gxf6 9. 0-0-0 a6 10. Nxc6 bxc6 11. Bc4 Bb7 12. Rhe1 Qa5 13. f4 0-0-0 14. Bb3 Kb8 15. Kb1 Bg7 16. f5 exf5 17. exf5 Qxf5 18. Bxf7 Qd7 19. Bg6 Qg4 20. Qd3 Rhf8 21. Re7 Bh8 22. Rde1 Bc8 23. R1e4 Qxg2 24. Rb4+ Ka8 25. a3 Qg1+ 26. Ka2 Qc5 27. Na4 Qd5+ 28. Qxd5 cxd5 29. Nb6+ Kb8 30. Nxc8+ 1-0

[Event "Kalyan op 2nd"]
[Site "Kalyan"]
[Date "2019.01.30"]
[Round "2"]
[White "Kathmale, Sameer"]
[Black "Bagwe, Suneet"]
[Result "1-0"]
[WhiteElo "2312"]
[BlackElo "1305"]
[PlyCount "41"]
[EventDate "2019.01.29"]
[EventType "swiss"]
[EventRounds "10"]
[EventCountry "IND"]
[SourceTitle "CBM 188 Extra"]
[Source "ChessBase"]
[SourceDate "2019.02.26"]
[SourceVersion "1"]
[SourceVersionDate "2019.02.26"]
[SourceQuality "1"]

1. e4 c5 2. Nf3 e6 3. d4 cxd4 4. Nxd4 a6 5. c4 Nf6 6. Nc3 Bb4 7. e5 Qa5 8. exf6 Bxc3+ 9. bxc3 Qxc3+ 10. Qd2 Qxa1 11. fxg7 Rg8 12. Be2 Nc6 13. Nxc6 dxc6 14. 0-0 Qxg7 15. Bf3 Bd7 16. Qb4 b5 17. Ba3 f6 18. Rd1 a5 19. Qd6 Rc8 20. Bc5 Rf8 21. Bh5+ 1-0

[Event "Kalyan op 2nd"]
[Site "Kalyan"]
[Date "2019.01.29"]
[Round "1"]
[White "Mitul, KH."]
[Black "Kathmale, Sameer"]
[Result "0-1"]
[WhiteElo "1121"]
[BlackElo "2312"]
[PlyCount "80"]
[EventDate "2019.01.29"]
[EventType "swiss"]
[EventRounds "10"]
[EventCountry "IND"]
[SourceTitle "CBM 188 Extra"]
[Source "ChessBase"]
[SourceDate "2019.02.26"]
[SourceVersion "1"]
[SourceVersionDate "2019.02.26"]
[SourceQuality "1"]

1. e4 c6 2. d4 d5 3. exd5 cxd5 4. c4 Nf6 5. Nc3 Nc6 6. Nf3 Bg4 7. cxd5 Nxd5 8. Bc4 e6 9. Bxd5 exd5 10. 0-0 Be7 11. Qd3 0-0 12. Ne5 Nxe5 13. dxe5 d4 14. Ne2 Bxe2 15. Qxe2 d3 16. Qe3 Qd5 17. Rd1 Rfd8 18. Bd2 Bc5 19. Qg3 Bd4 20. Bc3 Bxc3 21. bxc3 Rac8 22. Rac1 d2 23. Rb1 Qe4 24. h3 h6 25. Kh2 Rd3 26. f3 Qd5 27. Rb2 Rcxc3 28. Qf4 Rc4 29. Qf5 Rc1 30. Rxb7 Qxb7 31. Qxd3 Rxd1 32. Qd8+ Kh7 33. e6 fxe6 34. Qd3+ g6 35. Qc2 Qb8+ 36. g3 Rb1 37. Qc5 Qb7 38. h4 d1Q 39. Kh3 Qh1+ 40. Kg4 Qbxf3# 0-1

[Event "Mumbai Wealth op 4th"]
[Site "Mumbai"]
[Date "2019.01.02"]
[Round "4"]
[White "Kathmale, Sameer"]
[Black "Khusenkhojaev, Muhammad"]
[Result "1/2-1/2"]
[WhiteElo "2312"]
[BlackElo "2455"]
[PlyCount "148"]
[EventDate "2018.12.30"]
[EventType "swiss"]
[EventRounds "9"]
[EventCountry "IND"]
[SourceTitle "CBM 188 Extra"]
[Source "ChessBase"]
[SourceDate "2019.02.26"]
[SourceVersion "1"]
[SourceVersionDate "2019.02.26"]
[SourceQuality "1"]

1. e4 e5 2. Nf3 Nc6 3. d4 exd4 4. Nxd4 Bc5 5. Nb3 Bb6 6. Nc3 Nf6 7. Qe2 d6 8. Be3 Bxe3 9. Qxe3 0-0 10. 0-0-0 Re8 11. f3 Qe7 12. g4 Be6 13. g5 Nd7 14. f4 Nb6 15. Nd4 Nxd4 16. Qxd4 Rad8 17. Rg1 d5 18. Bb5 c6 19. f5 dxe4 20. Qxe4 Rxd1+ 21. Nxd1 cxb5 22. fxe6 Qxe6 23. Qxe6 Rxe6 24. Kd2 Nc4+ 25. Kc3 Kf8 26. a4 Nd6 27. axb5 Nxb5+ 28. Kd3 Rd6+ 29. Ke3 Nd4 30. c3 Nf5+ 31. Kf4 g6 32. Ne3 Nxe3 33. Kxe3 Re6+ 34. Kd3 f6 35. gxf6 Rxf6 36. Ke3 Re6+ 37. Kf3 Rb6 38. Rg2 Ke7 39. Ke4 Ke6 40. b4 Rb5 41. Kd4 Rd5+ 42. Ke4 Rh5 43. Kd4 Kd6 44. Kc4 a6 45. Rd2+ Kc6 46. Rf2 Rh4+ 47. Kb3 g5 48. Ka4 Rh3 49. Rf6+ Kc7 50. Rf2 g4 51. c4 h5 52. c5 Rf3 53. Re2 b5+ 54. cxb6+ Kxb6 55. Re5 Rh3 56. Re2 Kc6 57. Rd2 Re3 58. Rc2+ Kd6 59. Ka5 Ra3+ 60. Kb6 Ra4 61. Rc6+ Ke5 62. b5 axb5 63. Rc5+ Kd4 64. Rxh5 b4 65. Kb5 Ra1 66. Rh4 b3 67. Rxg4+ Kc3 68. Rg3+ Kc2 69. Rg2+ Kc1 70. Kb4 b2 71. Rg1+ Kc2 72. Rg2+ Kc1 73. Rg1+ Kc2 74. Rg2+ Kc1 1/2-1/2

[Event "Goa op 1st"]
[Site "Taleigao"]
[Date "2018.10.20"]
[Round "10"]
[White "Matta, Vinay Kumar"]
[Black "Kathmale, Sameer"]
[Result "0-1"]
[WhiteElo "2129"]
[BlackElo "2343"]
[PlyCount "120"]
[EventDate "2018.10.13"]
[EventType "swiss"]
[EventRounds "10"]
[EventCountry "IND"]
[SourceTitle "CBM 186 Extra"]
[Source "ChessBase"]
[SourceDate "2018.08.24"]
[SourceVersion "1"]
[SourceVersionDate "2018.08.24"]
[SourceQuality "1"]

1. e4 c6 2. Nc3 d5 3. d4 dxe4 4. Nxe4 Nf6 5. Nxf6+ exf6 6. Nf3 Bd6 7. Be2 0-0 8. 0-0 Re8 9. c4 Nd7 10. Be3 Nf8 11. d5 c5 12. a3 f5 13. b4 b6 14. bxc5 bxc5 15. Rb1 Ng6 16. Re1 f4 17. Bd2 Bg4 18. h3 Bh5 19. Nh2 Bxe2 20. Rxe2 Ne5 21. Bxf4 Nxc4 22. Rxe8+ Qxe8 23. Qc1 Qe4 24. Bxd6 Nxd6 25. Qd1 h6 26. Nf1 c4 27. Ne3 f5 28. Qc2 Qxc2 29. Nxc2 Rc8 30. g3 Rc5 31. Rb8+ Kf7 32. Rd8 Rxd5 33. Rd7+ Ke6 34. Rxa7 c3 35. Rxg7 Rd1+ 36. Kg2 Rd2 37. Nb4 Ne4 38. Kf3 Nxf2 39. g4 Nxh3 40. gxf5+ Kxf5 41. Rf7+ Ke5 42. Ke3 Rg2 43. Kd3 Rg3+ 44. Kc2 Ng5 45. Rd7 h5 46. Nd3+ Kf5 47. Rd5+ Ke4 48. Rd8 h4 49. Re8+ Kf3 50. Rf8+ Ke3 51. Re8+ Ne4 52. Nc5 Rg2+ 53. Kc1 Rg1+ 54. Kc2 Rg2+ 55. Kc1 Rg4 56. Kc2 Kf3 57. Nxe4 Rxe4 58. Rh8 Kg3 59. Kxc3 h3 60. Kd3 Rh4 0-1

[Event "Goa op 1st"]
[Site "Taleigao"]
[Date "2018.10.17"]
[Round "7"]
[White "Kathmale, Sameer"]
[Black "Nikhil, Magizhnan"]
[Result "1/2-1/2"]
[WhiteElo "2343"]
[BlackElo "2056"]
[PlyCount "60"]
[EventDate "2018.10.13"]
[EventType "swiss"]
[EventRounds "10"]
[EventCountry "IND"]
[SourceTitle "CBM 186 Extra"]
[Source "ChessBase"]
[SourceDate "2018.08.24"]
[SourceVersion "1"]
[SourceVersionDate "2018.08.24"]
[SourceQuality "1"]

1. e4 c6 2. d4 d5 3. e5 c5 4. dxc5 Nc6 5. a3 Nxe5 6. b4 g6 7. f4 Nc6 8. Bb2 Nf6 9. Nc3 Be6 10. Nf3 Bg7 11. Bb5 0-0 12. Ne2 Bg4 13. 0-0 Bxf3 14. Rxf3 Qc7 15. c4 Rad8 16. Qc2 e5 17. Bxc6 e4 18. Bxd5 exf3 19. Bxf3 Ne8 20. g3 Qe7 21. Kf2 Bxb2 22. Qxb2 Ng7 23. Nc3 Qf6 24. Ra2 Qd4+ 25. Kg2 Nf5 26. Nd5 Qxc4 27. Nf6+ Kh8 28. Nd7+ Kg8 29. Nf6+ Kh8 30. Nd7+ Kg8 1/2-1/2

[Event "Hyderabad op 2nd"]
[Site "Hyderabad"]
[Date "2018.09.20"]
[Round "3"]
[White "Kathmale, Sameer"]
[Black "Sri, Sai Baswanth P"]
[Result "1/2-1/2"]
[WhiteElo "2357"]
[BlackElo "1889"]
[PlyCount "140"]
[EventDate "2018.09.19"]
[EventType "swiss"]
[EventRounds "9"]
[EventCountry "IND"]
[SourceTitle "CBM 186 Extra"]
[Source "ChessBase"]
[SourceDate "2018.08.24"]
[SourceVersion "1"]
[SourceVersionDate "2018.08.24"]
[SourceQuality "1"]

1. e4 g6 2. d4 Bg7 3. Nf3 d6 4. Bc4 Nf6 5. Qe2 0-0 6. 0-0 Bg4 7. h3 Bxf3 8. Qxf3 Nc6 9. Rd1 e5 10. c3 exd4 11. cxd4 Nd7 12. Be3 Nb6 13. Bb3 Na5 14. Nc3 Nxb3 15. axb3 c6 16. Qg3 Re8 17. f4 Qe7 18. Re1 Qe6 19. Ra3 f5 20. d5 Qd7 21. Rea1 Nc8 22. exf5 Qxf5 23. dxc6 bxc6 24. Bf2 Rb8 25. Qf3 d5 26. Ra6 Rxb3 27. Rxc6 Rxb2 28. Rd1 Ne7 29. Rc7 Rb3 30. Rxe7 Rxe7 31. Nxd5 Rbb7 32. Nxe7+ Rxe7 33. Qa8+ Kf7 34. Qc6 Qe4 35. Qc5 Qe6 36. g4 Bf6 37. Rd6 Qe4 38. g5 Bg7 39. Rd1 Qe6 40. Re1 Qd7 41. Qc4+ Ke8 42. Rb1 Qe6 43. Qxe6 Rxe6 44. Bxa7 Bc3 45. Kf2 Kf7 46. Bc5 Bg7 47. Rb7+ Kg8 48. Rb8+ Kf7 49. h4 Rc6 50. Rb7+ Kg8 51. Rb8+ Kf7 52. Rb7+ Kg8 53. Be3 h6 54. gxh6 Bxh6 55. Kf3 Rd6 56. Rb8+ Kf7 57. Rb7+ Kf6 58. Bc5 Rd5 59. Be7+ Kf5 60. Bg5 Bxg5 61. hxg5 Rd3+ 62. Ke2 Ra3 63. Rf7+ Kg4 64. Rf6 Rf3 65. Rxg6 Rxf4 66. Rg8 Kf5 67. g6 Rg4 68. g7 Kf6 69. Kf3 Rxg7 70. Rxg7 Kxg7 1/2-1/2